000 01083cam a22001934a 4500
005 20250605164145.0
008 250528s ||||||||||||||||||||||||d
035 _a19120
040 _aGR-AtMCL
_bgre
_dGR-AtMCL
_eAACR2
245 1 _aΟ Κόσμος της Ανατολής / Παγκόσμιος Ιστορία Τέχνης
260 _bΧρυσός Τύπος,
_c1977
300 _a178
520 _aΙνδίες και Νοτιοανατολική Ασία, Εισαγωγή, Προιστορία και Πρώιμη Ιστορία, Αρχαίες Σχολές και Μεταβατικοί Ρυθμοί, Οι Κλασσικοί Ρυθμοί: Γκούπτα και Μεταγκουπτιανός και Πάλα Σένα, Η Μεσαιωνική Περίοδος, Μουσουλμανική Τέχνη, Σύνοψη, Παράρτημα, Κίνα και Κρέα και Ιαπωνία, Εισαγωγή, Κίνα, Κορέα, Ιαπωνία.
700 1 _aAuboyer Jeannince
_95367
700 1 _aGoepper Roger
_95368
942 _cBK
999 _c4399
_d4399